| 000 | 00661ccm a22002053 4500 | ||
|---|---|---|---|
| 001 | 85204 | ||
| 003 | BD-RjUL | ||
| 005 | 20250715110543.0 | ||
| 008 | 250715s1958 pk ||||| 0 urd d | ||
| 035 | _a(BD-RjUL)85204 | ||
| 040 |
_aDLC _beng _cDLC |
||
| 041 | 0 | _aurd | |
| 082 |
_223 _a297.092 _bHAM 1958 |
||
| 245 | 0 | 0 |
_a Mujaddid-e-Azam مجدد اعظم / _c Muhamamd Haleem |
| 264 | 1 |
_aLahore : _bشعاع ادب., _c1958 |
|
| 300 |
_a264 p.; _c17 cm |
||
| 588 | 0 | _aRecord created through migration from the Performing Arts Encyclopedia Database. | |
| 650 |
_aIslamic biography (سوانح عمری - اسلامی شخصیات) _916036 |
||
| 942 |
_2ddc _cBK |
||
| 999 |
_c85204 _d85204 |
||